| 000 | 00499cam a22001934a 4500 | ||
|---|---|---|---|
| 005 | 20250827113855.0 | ||
| 008 | 250528s ||||||||||||||||||||||||d | ||
| 035 | _a19489 | ||
| 020 | _a9608050545 | ||
| 040 |
_aGR-AtMCL _bgre _dGR-AtMCL _eAACR2 |
||
| 245 | 1 | _aΕΠΙΚΟΙΝΩΝΙΕΣ ΥΠΟΛΟΓΙΣΤΩΝ & ΔΕΔΟΜΕΝΩΝ | |
| 250 | _a6 | ||
| 260 |
_bΤζιολας, _c2003 |
||
| 300 | _a999 | ||
| 700 | 1 |
_aStallings, William _91498 |
|
| 942 | _cBK | ||
| 999 |
_c4745 _d4745 |
||